| 000 | 01429nam a22002297a 4500 | ||
|---|---|---|---|
| 001 | 6780 | ||
| 003 | FISKH | ||
| 005 | 20250528085805.0 | ||
| 008 | 250528b cb ||||| |||| 00| 0 eng d | ||
| 020 | _a9780805495812 | ||
| 040 |
_aFISKH _beng _cFISKH _dFISKH |
||
| 050 | _aBT482.P69 | ||
| 082 | _a232.97 | ||
| 100 | _aPowell, Doug | ||
| 245 |
_aResurrection iWitness / _cWritten and designed by Doug Powell |
||
| 260 |
_aNashville : _bB & H Publishing Group , _c2012. |
||
| 300 |
_a32 unnumbered pages : _bcolor illustrations ; _c31 cm . |
||
| 520 | _aComparable in style to the best-selling Ologies children's fantasy book series, Resurrection iWitness brings truth to the highly illustrated genre. This book gives evidence for the resurrection of Jesus Christ by using the easy-to-understand Minimal Facts argument. That means it relies only on the historical facts that almost all biblical scholars (including atheistic, Jewish, and liberal) accept and shows how only the biblical story of the resurrection can account for all these agreed-upon facts. Across 32 intensively designed pages (16 spreads acting as individual chapters) -- each containing information that is physically nested and must be actively opened to discover -- the reader investigates the story of Christ and weighs the evidence to determine its historical accuracy. | ||
| 650 |
_aApologetics _vNon-fiction |
||
| 942 |
_2ddc _cBK _n0 |
||
| 999 |
_c6780 _d6780 |
||